000 00455nam a2200181Ia 4500
001 3793
005 20260306145709.0
008 260306t2014||||xx |||||||||||||| ||spa||
041 _aESP
082 _a303.4820984
_bM44
100 _aMeza Gisbert, Carlos D.
_eAUT
245 0 _aLa sirena y el charango:
_bensayo sobre el mestizaje
260 _c2014
300 _a232 páginas :
_c21 cm.
650 _aGEN
654 _aCHU
942 _cLIB
_dJUS
_fJUS
_2ddc
_n
999 _c3793
_d3793